LEADER 01427nam 2200337Ia 450 001 996385318303316 005 20200824132216.0 035 $a(CKB)4940000000074555 035 $a(EEBO)2248535994 035 $a(OCoLC)ocm12009110e 035 $a(OCoLC)12009110 035 $a(EXLCZ)994940000000074555 100 $a19850508d1643 uy | 101 0 $aeng 135 $aurbn||||a|bb| 200 14$aThe song of Moses, the servant of God, and the song of the Lambe$b[electronic resource] $eopened in a sermon preached to the Honorable House of Commons at their late solemne day of thanksgiving, June 15, 1643 : for the discovery of a dangerous, desperated, and bloudy designe, tending to the utter subversion of the Parliament and of the famous city of London /$fby Stephen Marshall .. 210 $aLondon $cPrinted for Sam. Man and Sam. Gellibrand ...$d1643 215 $a[4], 48 p 300 $aReproduction of original in Thomason Collection, British Library. 330 $aeebo-0158 607 $aGreat Britain$xPolitics and government$y1642-1649$vSermons 607 $aGreat Britain$xHistory$yCivil War, 1642-1649$vSermons 700 $aMarshall$b Stephen$f1594?-1655.$01001459 801 0$bEAA 801 1$bEAA 801 2$bm/c 801 2$bWaOLN 906 $aBOOK 912 $a996385318303316 996 $aThe song of Moses, the servant of God, and the song of the Lambe$92398189 997 $aUNISA LEADER 04456nam 2200445z- 450 001 9910985981203321 005 20220803 035 $a(CKB)5580000000355307 035 $a(oapen)https://directory.doabooks.org/handle/20.500.12854/90465 035 $a(oapen)doab90465 035 $a(EXLCZ)995580000000355307 100 $a20202208d2022 |y 0 101 0 $ager 135 $aurmn|---annan 181 $ctxt$2rdacontent 182 $cn$2rdamedia 183 $anc$2rdacarrier 200 00$aEin provinzialro?mischer Kultplatz auf der Gradis?c?e bei Sankt Egyden in Unterka?rnten 210 $cVerlag der O?sterreichischen Akademie der Wissenschaften$d2022 210 1$cWien :$cOsterreichisches Archaologisches Institut ;$cHolzhausen Verlag,$d2022. 215 $a1 online resource 311 08$a3-903207-55-1 327 $aThe publication focuses on a small cave near St. Egyden in Carinthia (Austria), where archaeological excavations were carried out in 2011. The scientific evaluation of the archaeological data has shown that the place was a Roman-era cult site, which is characterized by Remains of offerings and celebrations and meals held by a small rural community. In the present publication, this archaeological source material is made accessible in detail in order to discuss questions of cult practice, the deity that may has been worshiped, and the organization and composition of the cult community 330 $aIm Zentrum der Vero?ffentlichung steht eine bei St. Egyden in Ka?rnten (AT) gelegene kleine Ho?hle, in der im Jahr 2011 archa?ologische Ausgrabungen durchgefu?hrt wurden. Die wissenschaftliche Auswertung der archa?ologischen Daten hat gezeigt, dass es sich um einen ro?merzeitlichen Kultplatz handelt, der sich durch U?berreste auszeichnet, die von Kultfeiern und -ma?hlern sowie Opfergaben einer kleinen ruralen Kultgemeinschaft stammen. In der vorliegenden Publikation wird dieses archa?ologische Quellenmaterial detailliert zuga?nglich gemacht, um darauf aufbauend Fragen zur Kultpraxis, der mo?glicherweise verehrten Gottheit sowie der Organisation und Zusammensetzung der Kultgemeinschaft zu diskutieren. 330 $aThe publication focuses on a small cave near St. Egyden in Carinthia (Austria), where archaeological excavations were carried out in 2011. The scientific evaluation of the archaeological data has shown that the place was a Roman-era cult site, which is characterized by remains of offerings and celebrations and meals held by a small rural community. In the present publication, this archaeological source material is made accessible in detail in order to discuss questions of cult practice, the deity that may has been worshipped, and the organization and composition of the cult community. 610 $aArchaeozoology, Gradis?c?e, cave, pottery, small finds, cult, mysteries of Mithras, Noricum, Roman Provincial Archaeology, Roman era 610 $aArcha?ozoologie, Gradis?c?e, Ho?hle, Keramik, Kleinfunde, Kult, Mysterienkult, Mithras, Noricum, Provinzialro?mische Archa?ologie, Ro?merzeit 610 $aO?FOS 2012 -- GEISTESWISSENSCHAFTEN (6) -- Geschichte, Archa?ologie (601) -- Geschichte, Archa?ologie (6010) -- Archa?ologie (601003) 610 $aO?FOS 2012 -- GEISTESWISSENSCHAFTEN (6) -- Geschichte, Archa?ologie (601) -- Geschichte, Archa?ologie (6010) -- Epigraphik (601004) 610 $aO?FOS 2012 -- GEISTESWISSENSCHAFTEN (6) -- Geschichte, Archa?ologie (601) -- Geschichte, Archa?ologie (6010) -- Numismatik (601015) 610 $aO?FOS 2012 -- HUMANITIES (6) -- History, Archaeology (601) -- History, Archaeology (6010) -- Archaeology (601003) 610 $aO?FOS 2012 -- HUMANITIES (6) -- History, Archaeology (601) -- History, Archaeology (6010) -- Epigraphy (601004) 610 $aO?FOS 2012 -- HUMANITIES (6) -- History, Archaeology (601) -- History, Archaeology (6010) -- Numismatics (601015) 610 $aO?FOS 2012 -- NATURAL SCIENCES (1) -- Other Natural Sciences (107) -- Other Natural Sciences (1070) -- Archaeometry (107001) 610 $aO?FOS 2012 -- NATURWISSENSCHAFTEN (1) -- Andere Naturwissenschaften (107) -- Andere Naturwissenschaften (1070) -- Archa?ometrie (107001) 700 $aHinker$b Christoph$4auth$0802688 906 $aBOOK 912 $a9910985981203321 996 $aEin provinzialrömischer Kultplatz auf der Gradi??e bei Sankt Egyden in Unterkärnten$93018960 997 $aUNINA